000 00449nam a2200181Ia 4500
001 13796
005 20260306164827.0
008 260306t1995||||xx |||||||||||||| ||spa||
041 _aESP
082 _a005.3
_bC78
100 _aCorel Corporation
_eAUT
245 0 _aCorel Draw 6.0:
_blo mejor en gráficos en 32 bits
260 _c1995
300 _axii, 204 páginas :
_c23 cm.
650 _aGEN
654 _aCCC
942 _cLIB
_dJUS
_fJUS
_2ddc
_n
999 _c13796
_d13796